Every WWE NXT Champion - Statistics

General Stats
  • This quiz has been taken 75 times
    17 since last reset
  • The average score is 28 of 35
Answer Stats
Year Wrestler % Correct
2012 Seth Rollins
100%
2019 Adam Cole
92%
2013 Bo Dallas
92%
2015 Finn Balor
92%
2020 Finn Balor
92%
2019 Johnny Gargano
92%
2015 Kevin Owens
92%
2025 Oba Femi
92%
2025 Oba Femi
92%
2016 Samoa Joe
92%
2016 Samoa Joe
92%
2021 Samoa Joe
92%
2014 Samy Zayn
92%
2018 Tommaso Ciampa
92%
2021 Tommaso Ciampa
92%
2012 Big E Langston
85%
2023 Carmelo Hayes
85%
2024 Trick Williams
85%
2024 Trick Williams
85%
2022 Bron Breakker
77%
2022 Bron Breakker
77%
2022 Dolph Ziggler
77%
2025 Ricky Saints
77%
2018 Aleister Black
69%
2017 Andrade Almas
69%
2020 Karrion Kross
69%
2021 Karrion Kross
69%
2016 Shinsuke Nakamura
69%
2016 Shinsuke Nakamura
69%
2014 Adrian Neville
62%
2017 Bobby Roode
62%
2017 Drew McIntyre
62%
2023 Ilja Dragunov
62%
2020 Keith Lee
62%
2024 Ethan Page
54%
No matching quizzes found
Score Distribution
Percent of People with Each Score
Percentile by Number Answered
Your Score History
You have not taken this quiz since the last reset